[Event "RUS-chT2"]
[Site "Sochi"]
[Date "2017.05.09"]
[Round "8.7"]
[White "Kazantsev, Nikita"]
[Black "Solonkov, Dmitrij"]
[Result "1-0"]
[WhiteElo "2244"]
[BlackElo "2449"]
[PlyCount "65"]
[EventDate "2017.05.01"]
[EventType "team-swiss"]
[EventRounds "9"]
[EventCountry "RUS"]
[SourceTitle "CBM 178 Extra"]
[Source "ChessBase"]
[SourceDate "2017.06.22"]
[SourceVersion "1"]
[SourceVersionDate "2017.06.22"]
[SourceQuality "1"]
[WhiteTeam "Cheliabinsk Yuzhnyy Ural"]
[BlackTeam "Nizhny Tagil Politekhnik"]
[WhiteTeamCountry "RUS"]
[BlackTeamCountry "RUS"]

1. e4 e5 2. Nf3 d6 3. d4 Nd7 4. Bc4 c6 5. Nc3 Be7 6. a4 a5 7. Qe2 Ngf6 8. 0-0 0-0 9. h3 Qb6 10. Be3 Qc7 11. Rad1 h6 12. Nh4 Nb6 13. dxe5 dxe5 14. Bxb6 Qxb6 15. Ng6 Re8 16. Nxe5 Be6 17. Bxe6 fxe6 18. Qc4 Bb4 19. Nd3 Kh8 20. e5 Bxc3 21. bxc3 Nd5 22. Rfe1 Rf8 23. Nc5 Rf7 24. Rb1 Qa7 25. Qd4 Re8 26. Ne4 b6 27. c4 Nb4 28. Nd6 Nxc2 29. Qe4 Nxe1 30. Nxe8 Qe7 31. Nd6 Nf3+ 32. gxf3 Rf8 33. Qg4 1-0

[Event "RUS-chT2"]
[Site "Sochi"]
[Date "2017.05.08"]
[Round "7.6"]
[White "Solonkov, Dmitrij"]
[Black "Linker, Mikhail"]
[Result "0-1"]
[WhiteElo "2449"]
[BlackElo "2239"]
[PlyCount "107"]
[EventDate "2017.05.01"]
[EventType "team-swiss"]
[EventRounds "9"]
[EventCountry "RUS"]
[SourceTitle "CBM 178 Extra"]
[Source "ChessBase"]
[SourceDate "2017.06.22"]
[SourceVersion "1"]
[SourceVersionDate "2017.06.22"]
[SourceQuality "1"]
[WhiteTeam "Nizhny Tagil Politekhnik"]
[BlackTeam "Krym Respublic Tauris"]
[WhiteTeamCountry "RUS"]
[BlackTeamCountry "RUS"]

1. e4 c5 2. c3 Nf6 3. e5 Nd5 4. d4 cxd4 5. Nf3 e6 6. cxd4 Nc6 7. Bc4 d6 8. 0-0 Nb6 9. Be2 Be7 10. Nc3 0-0 11. Bd3 f5 12. exf6 Bxf6 13. Ne4 Nd5 14. Nfg5 g6 15. Nxf6+ Qxf6 16. Nxh7 Kxh7 17. Qh5+ Kg8 18. Bxg6 Qh8 19. Bh6 Nf4 20. Qg5 Qf6 21. Bf7+ Kxf7 22. Qxf6+ Kxf6 23. Bxf8 d5 24. Rfe1 Nxd4 25. Bd6 Ng6 26. Rac1 Bd7 27. h4 Rh8 28. Rc7 Bc6 29. f4 Rxh4 30. g3 Rh8 31. Be5+ Nxe5 32. fxe5+ Kg6 33. Kg2 Nf5 34. g4 d4+ 35. Rxc6 Nh4+ 36. Kg3 bxc6 37. Rc1 d3 38. Rd1 Kg5 39. Rxd3 Ng6 40. Rd6 Nf4 41. Rxc6 Rh3+ 42. Kf2 Rh2+ 43. Kf3 Rxb2 44. Ra6 Rb7 45. Rd6 Rc7 46. Rd8 Rc3+ 47. Ke4 Rc4+ 48. Kf3 Ng6 49. Rg8 Rf4+ 50. Ke3 Rxg4 51. Rb8 Ra4 52. Rb2 Nxe5 53. Rg2+ Ng4+ 54. Kd3 0-1